National Geographic little kids. [periodical]
Available copies
- 1 of 6 copies available at LARL/NWRL Consortium.
- 1 of 6 copies available at Lake Agassiz Regional Library. (Show preferred library)
Current holds
0 current holds with 6 total copies.
Show Only Available Copies
| Location | Call Number / Copy Notes | Part | Barcode | Shelving Location | Status | Due Date |
|---|---|---|---|---|---|---|
| Moorhead Public Library | Magazine (Text) | 2026-05 ( MAY/JUN ) | 33500014406169 | Main | Checked out | 07/14/2026 |
| Moorhead Public Library | Magazine (Text) | 2026-03 ( MAR/APR ) | 33500014397871 | Main | Available | - |
| Moorhead Public Library | Magazine (Text) | 2026-01 ( JAN/FEB ) | 33500014396832 | Main | Checked out | 06/30/2026 |
| Moorhead Public Library | Magazine (Text) | 2025-11 ( NOV/DEC ) | 33500014258537 | Main | Checked out | 07/16/2026 |
| Moorhead Public Library | Magazine (Text) | 2025-09 ( SEP/OCT ) | 33500014264931 | Main | Checked out | 06/30/2026 |
| Moorhead Public Library | Magazine (Text) | 2025-05 ( MAY/JUN ) | 33500014251334 | Main | Checked out | 07/10/2026 |
Record details
- ISSN: 1934-8363
- Publisher: Washington, DC : National Geographic Society
Search for related items by subject
| Subject: | Geography > Periodicals > Juvenile literature. |
| LDR | 00438cas a22001217a 4500 | ||
|---|---|---|---|
| 001 | 188691 | ||
| 003 | LARL_NWRL_CONSORTIUM | ||
| 022 | . | ‡a1934-8363 | |
| 035 | . | ‡a(OCoLC)76755020 | |
| 245 | 0 | 0. | ‡aNational Geographic little kids. ‡h[periodical] |
| 260 | . | ‡aWashington, DC : ‡bNational Geographic Society | |
| 310 | . | ‡aBimonthly | |
| 650 | 0. | ‡aGeography ‡vPeriodicals ‡vJuvenile literature. | |
| 901 | . | ‡a188691 ‡bSystem ‡c188691 ‡tbiblio | |

Add to basket
Permalink
Disable Highlighting